TikTok Purple Heart šŸ’œ core - Statistics

General Stats
  • This quiz has been taken 270 times
  • The average score is 21 of 45
Answer Stats
Hint Answer % Correct
Your cat was like oh no no no no youre not get a__? Dog
85%
In the clurb we all__? Fam
80%
What app was used in the iconic ā€œmama a girl behind youā€ Snapchat
78%
Queens never__? Cry
74%
I’m getting my silk press! mama that burn
71%
Fish girl Nina
71%
I finna be in the__? Pit
70%
Which singer said ā€œhello Dubaiā€ Rihanna
70%
Iconic dance teacher of the show ā€œDance momsā€ Abby Lee miller
68%
Raise your right finger, raise your__? Ya ya ya
65%
What store did Cynthia Erivo yell "that's my line" Target
58%
Who should you ask to find out if ashley nunu smells well Santos
57%
What did Addison Rae respond with after a guy said ā€œon a scale of 1-10 how attractive am Iā€ Boyfriend I’m nervous
56%
Who was the disney princess that Demi Lovato said "worked for what she got" Cinderella
55%
Doctor is she going to make it? prolly not
52%
Hi this is Brittney, 12 hours before my shiftšŸ˜„ 12 hours after my shift
51%
Please can i go to _________ house Ellie and mason
51%
Who said ā€œI don’t know what you mean by that babesā€ Adele
50%
She= ate= Onika burgers
49%
Bring me a little__ now. Bring me a little__, Sylvie water
49%
I’m trying to go to school too come on šŸ–•šŸæou___? Put it down
48%
You was hella wrong for what you did What I do
48%
A word right after ā€œWho is this__?ā€ Diva
47%
Zendaya: uhm yea! K love you guys!__? Don’t forget to smile
47%
What would you do when you ok so he said__? Yes would go
47%
Riley, it ok__? I’m joy
45%
Ningning is the__? maknae
45%
Who wants to talk about the political and economic state of the world Jaden Smith
43%
Waitress shows devoured plate to phone and says "let me ask the____" audience
42%
You says this when something isn’t popular or not well known like ā€œomg this meme is so ___?ā€ Niche
41%
Demi Lovato twin sister locked in the basement Poot
40%
Hes not leaving cuz I know they can’t let me leave🄺 i will go with___ __? that cat
34%
Who is the male tiktoker who said ā€œm-my boy hereā€ after being asked who would win in a fight Noah beck
33%
si quieres. Oh my bad you dont know spanish,__? if you want
32%
What did the 2 girls sing for their mother’s birthday that sounded like a ritual Mama we love you
28%
Who did started šŸ’œ Donatella Versace
27%
____ is that a ghost? ____,There’s a ghost behind you! Fiona
26%
Who sung lauv by lauv Aiden gallagher
25%
Who said you probably shop at walmart dont you? walmart version of ______ ______ Justin beiber
25%
A mom says this after her daughter says like jesus christ has seen(hint:daughter's name is rachel) show it to me rachel
23%
Kim Kardashian: No its not ok ___? on Roblox
22%
Which singer said "well if you dont want to hear about 9/11" Mariah Carey
20%
What I look like asking her to clean up her room, whooping mama no
17%
Who is the guy in the purple tank top who danced to the song ā€œbaby you just need to send for meā€ Jean victor
11%
You say this when someone acting up like "girl you ok?" ho is u cool
7%
No matching quizzes found
Score Distribution
Percent of People with Each Score
Percentile by Number Answered
Your Score History
You have not taken this quiz